Dyskontowe strategie cenowe.

V článku sa skúmajú konkurenčné koncepcie stratégie podniku opierajúce sa o cenu, o rozsah a o následky ich uplatnenia, príčiny strategických úspechov a perspektívy rozvoja podniku podľa druhu prijatej cenovej stratégie. Diskontná a tradičná cenová stratégia. Príklady z hospodárstva SRN podľa téz P....

Full description

Saved in:
Bibliographic Details
Main Author: Korenik, D.
Format: Book Chapter
Language:Polish
Subjects:
Tags: Add Tag
No Tags, Be the first to tag this record!

MARC

LEADER 00000naa a2200000 4500
001 r011614
005 20221125122419.5
041 0 |a pol 
044 |a PL 
245 1 0 |a Dyskontowe strategie cenowe.  |c D. Korenik 
520 |a V článku sa skúmajú konkurenčné koncepcie stratégie podniku opierajúce sa o cenu, o rozsah a o následky ich uplatnenia, príčiny strategických úspechov a perspektívy rozvoja podniku podľa druhu prijatej cenovej stratégie. Diskontná a tradičná cenová stratégia. Príklady z hospodárstva SRN podľa téz P. Druckera. Príspevok k formulácii vlastného postupu pre získanie úspechu na trhu. 
610 2 0 |a stratégia podniková 
610 2 0 |a ceny 
610 2 0 |a konkurencia medzinárodná 
610 2 0 |a trh 
610 2 0 |a ceny konkurenčné 
610 2 0 |a diskont 
100 1 |a Korenik, D.